00352 2200157 4500001002100000005001500021035002000036245003800056100001400094250000600108300001200114260003400126082000800160084001400168990001200182INLIS00000000000242020250604095013 a0010-06250000061 aTanaman Apotek Hidup /cSugeng HB0 aSugeng HB a1 a106 hlm aSemarang :bAneka Ilmu,c2001 a600 a600 SUG t a0712279